MARKETING PLAN HANDBOOK DEVELOP BIG PICT (Record no. 30688)

MARC details
000 -LEADER
fixed length control field 00375nam a2200145Ia 4500
008 - FIXED-LENGTH DATA ELEMENTS--GENERAL INFORMATION
fixed length control field 240624s9999 xx 000 0 und d
041 ## - LANGUAGE CODE
Language code of text/sound track or separate title eng
082 ## - DEWEY DECIMAL CLASSIFICATION NUMBER
Classification number 658.4092 BLY
100 ## - MAIN ENTRY--PERSONAL NAME
Personal name BLY ROBERT W
245 ## - TITLE STATEMENT
Title MARKETING PLAN HANDBOOK DEVELOP BIG PICT
250 ## - EDITION STATEMENT
Edition statement (2nd ed.)
260 ## - PUBLICATION, DISTRIBUTION, ETC.
Date of publication, distribution, etc. 2015
Place of publication, distribution, etc. USA
Name of publisher, distributor, etc. Entrepreneur Press
300 ## - PHYSICAL DESCRIPTION
Extent xxviii, 362 p.; 23 cm.
365 ## - TRADE PRICE
Currency code
Price amount 38
Holdings
Withdrawn status Lost status Damaged status Not for loan Home library Current library Shelving location Date acquired Cost, normal purchase price Full call number Barcode Date last seen Copy number Price effective from Koha item type
        IMTN IMTN Rack 30-B 04/17/2018 19.95 658.4092 BLY 30688 06/24/2024 68.3 06/24/2024 Books
Designed & Maintained by: LRC IMT Nagpur Contact: lrc@imtnag.ac.in© 2024. All Rights Reserved.